• 首页
  • 本馆介绍
  • 公告通知
  • 最新文献
  • 馆藏检索
  • 电子资源
  • 读者导购
  • 参考咨询
  • 我的图书馆
  • 登录
  • 详细信息显示
  • 放入我的书架
  • 预约/预借图书
  • 作者相关作品
  • 分类相关作品
  • 丛书相关作品
  • 出版社相关作品

书目信息

  • 表格格式
  • 工作单格式
  • 卡片格式
题名:
中药药理学
    
 
作者: 彭成 , 彭代银 主编
分册:  
出版信息: 北京   中国医药科技出版社  2019.8
页数: 314页
开本: 29cm
丛书名:
单 册:
中图分类: R285
科图分类:
主题词: 中药学--药理学--中医学院--教材
电子资源:
ISBN: 978-7-5214-0273-5
000 00924nam0 2200265 45
001 012001003027
005 20211020091323.06
010    @a978-7-5214-0273-5@dCNY50.00
100    @a20181029d2018 em y0chiy50 ea
101 0  @achi
102    @aCN@b110000
105    @ay z 000yy
106    @ar
200 1  @a中药药理学@Azhong yao yao li xue@b专著@f彭成,彭代银主编
205    @a2版
210    @a北京@c中国医药科技出版社@d2019.8
215    @a314页@d29cm
300    @a全国普通高等中医药院校药学类“十三五”规划教材(第二轮规划教材) 供中药学、药学、药物制剂、临床药学、制药工程及相关专业使用
330    @a本书共18章,每章分单味药和中成药两节;实验部分,按照实验技能教学的要求,共编写了14个中药药理学实验。
606 0  @a中药学@x药理学@x中医学院@j教材
690    @aR285@v5
701  0 @a彭成@Apeng cheng@4主编
701  0 @a彭代银@Apeng dai yin@4主编
801  2 @aCN@bBJSDL@c20211018
905    @b1351224-7@dR285@e604=2@f4
    
    中药药理学/彭成,彭代银主编.-2版.-北京:中国医药科技出版社,2019.8
    314页;29cm
    全国普通高等中医药院校药学类“十三五”规划教材(第二轮规划教材) 供中药学、药学、药物制剂、临床药学、制药工程及相关专业使用
    
    ISBN 978-7-5214-0273-5:CNY50.00
    本书共18章,每章分单味药和中成药两节;实验部分,按照实验技能教学的要求,共编写了14个中药药理学实验。
●
相关链接 在E读中查询图书 在五车中查询图书 在当当中查询图书 在豆瓣中查询图书


正题名:中药药理学     索取号:R285/604=2         预约/预借

序号 登录号 条形码 馆藏地/架位号 状态 备注
1 1351224   213512242   第二样本阅览室/ [索取号:R285/604=2] 在馆    
2 1351225   213512251   第三借阅区/ [索取号:R285/604=2] 在馆    
3 1351226   213512260   第三借阅区/ [索取号:R285/604=2] 在馆    
4 1351227   213512279   第三借阅区/ [索取号:R285/604=2] 在馆    
唐山师范学院图书馆 欢迎您!
大连网信软件有限公司© 版权所有